Meilleurs clubs de rugby de chaque département (Saison 2025-2026) - Statistiques

Statistiques générales
  • Ce quiz a été pris 35 fois
  • Le résultat moyen est 55 sur 96
Statistiques - réponses
Département Clubs Division % Correct
Haute-Garonne Stade Toulousain Top 14
91%
Rhône Lyon Olympique Universitaire Top 14
88%
Pyrénées-Atlantiques Section Paloise | Aviron Bayonnais Top 14
88%
Paris Stade Français Paris Top 14
88%
Puy-de-Dôme ASM Clermont Top 14
84%
Isère FC Grenoble Pro D2
84%
Vendée FC Yonnais | RC Sablais Fédérale 2
84%
Var RC Toulon Top 14
84%
Gironde Union Bordeaux-Bègles Top 14
84%
Hérault Montpellier Hérault Rugby Top 14
81%
Morbihan RC Vannes Pro D2
81%
Charente Soyaux-Angoulême Pro D2
81%
Pyrénées-Orientales USA Perpignan Top 14
81%
Drôme Valence-Romans DR Pro D2
81%
Corrèze CA Brive Pro D2
78%
Alpes-Maritimes Nissa Rugby Nationale 1
78%
Charente-Maritime Stade Rochelais Top 14
78%
Aude US Carcassonne Pro D2
78%
Tarn Castres Olympique Top 14
75%
Bouches-du-Rhône Provence Rugby Pro D2
75%
Gard RC Nîmes Nationale 2
75%
Ille-et-Vilaine Rennes EC Nationale 1
75%
Cantal Stade Aurillacois Pro D2
75%
Calvados Stade Caennais Fédérale 2
75%
Landes US Dax | Stade Montois Pro D2
75%
Moselle Rugby Club Metz Moselle Fédérale 3
72%
Bas-Rhin Strasbourg AC | CR Illkirch Graffenstaden | FC Haguenau Fédérale 3
72%
Dordogne CA Périgueux Nationale 1
69%
Meurthe-et-Moselle Nancy Seichamps Rugby Fédérale 3
69%
Ain Oyonnax Rugby Pro D2
69%
Savoie SO Chambéry Nationale
69%
Loire-Atlantique Stade Nantais Nationale 2
69%
Hautes-Pyrénées Stado Tarbes Pyrénées Rugby Nationale 1
69%
Tarn-et-Garonne US Montauban Top 14
69%
Nièvre USO Nevers Pro D2
69%
Hautes-Alpes Gap Hautes-Alpes Rugby Régionale 2
66%
Finistère Plouzané AC | RC Quimper Fédérale 3
66%
Hauts-de-Seine Racing 92 Top 14
66%
Yonne RC Auxerre Fédérale 2
66%
Seine-Maritime Rouen Normandie Rugby Nationale
66%
Aveyron SC Decazeville | Rodez Rugby | SO Millau Fédérale 2
66%
Deux-Sèvres Niort RC Nationale
63%
Somme RC Amiens Fédérale 3
63%
Gers RC Auch | AS Fleurance Nationale 2
63%
Maine-et-Loire SCORC Angers Fédérale 3
63%
Lot-et-Garonne SU Agen Pro D2
63%
Haute-Vienne USA Limoges Fédérale 1
63%
Indre-et-Loire US Tours Fédérale 1
63%
Eure Evreux AC Fédérale 2
59%
Sarthe RC Le Mans Fédérale 3
59%
Yvelines RC Versailles | Plaisir RC | MLSGP 78 Fédérale 2
59%
Lozère Rugby Club Mende Lozère Régionale 2
59%
Oise Beauvais RC Fédérale 1
56%
Cher Bourges XV Fédérale 2
56%
Haut-Rhin Colmar RC Fédérale 3
56%
Ardèche RC Aubenas Vals Nationale 2
56%
Territoire de Belfort RC Belfort Montbéliard Régionale 1
56%
Creuse RC Guéret Fédérale 3
56%
Loiret RC Orléans Nationale 2
56%
Côtes-d'Armor RC Saint-Brieuc | Rugby Lannion-Perros | Rugby Kreiz Treger Régionale 1
56%
Vosges RC Saint-Dié | RA Epinal | RC Vosgien Remiremont | RC Vittel Régionale 3
56%
Vienne Stade Poitevin Fédérale 3
56%
Alpes-de-Haute-Provence RC Dignois Fédérale 3
53%
Saône-et-Loire AS Mâcon Nationale 2
50%
Orne CA Aiglon | RC Alençon Régionale 2
50%
Haute-Loire CO Le Puy Fédérale 3
50%
Jura FC Saint-Claude | CS Lons-le-Saunier Fédérale 2
50%
Pas-de-Calais RC Arras Fédérale 3
50%
Essonne RC Massy Nationale
50%
Haute-Saône RC Vesoul Régionale 1
50%
Loir-et-Cher RC Blois | US Vendôme Fédérale 3
47%
Allier RC Vichy | Montluçon Rugby Fédérale 3
47%
Seine-Saint-Denis Union Drancy-Saint-Denis Nationale 2
47%
Aisne AC Soissons Fédérale 3
44%
Lot Cahors Rugby Fédérale 1
44%
Eure-et-Loir C' Chartres Rugby Fédérale 2
44%
Seine-et-Marne Rugby Club Pays de Meaux Fédérale 2
44%
Meuse SA Verdun Régionale 1
44%
Haute-Marne ECAC Chaumont Régionale 1
38%
Corse-du-Sud Portivechju Rugby Régionale 1
31%
Marne Rugby Epernay Champagne Fédérale 3
31%
Doubs CA Pontarlier Fédérale 3
28%
Nord Olympique Marcquois Nationale
28%
Ariège Saint-Girons SC Fédérale 1
28%
Val-d'Oise AAS Sarcelles Fédérale 1
25%
Loire RC Andrézieux-Bouthéon Fédérale 2
25%
Manche RC Granville Régionale 1
25%
Haute-Savoie RCS Rumilly Nationale 2
22%
Ardennes RC Vouziers Régionale 2
22%
Aube Rugby Champagne Saint-André Régionale 1
22%
Mayenne Rugby Club Castrogonterien Régionale 2
22%
Indre RC Issoudun Fédérale 3
19%
Haute-Corse RC Lucciana | CRA Balagne Régionale 1
19%
Côte-d'Or CS Nuiton Fédérale 1
16%
Val-de-Marne RC Vincennes Fédérale 2
13%
Vaucluse AS Bédarrides Châteauneuf Fédérale 1
9%
Aucun quiz correspondant
Distribution des résultats
% des personnes avec chaque résultat
Percentile par nombre de réponses
Votre historique - résultats
Vous n’avez pas pris ce quiz